000 00593nam a2200229Ia 4500
003 OSt
005 20221007071233.0
006 a|||||r|||| 00| 0
007 ta
008 221006b |||||||| |||| 00| 0 eng d
024 _a14,692
037 _cTextual
040 _aFLL
_cFLL
_beng
041 _2eng
_aeng
082 _aX:89Q:Z3, L9
100 _aJanner G. Au.
_9688386
245 0 _aProduct liability
260 _aLondon
_bBusiness book ltd. London
_c1979
300 _a405p
_ccm.
942 _hX:89Q:Z3, L9
_cTEXL
_2CC
999 _c1142835
_d1142835